000 00681nam a2200253Ia 4500
003 OSt
005 20221005092930.0
006 a|||||r|||| 00| 0
007 ta
008 221004b |||||||| |||| 00| 0 eng d
020 _a0500400431 (hbk)
024 _a80793
037 _bGift, 01/01/2005,
_cTextual
040 _aCRL
_cCRL
_beng
041 _2eng
_aeng
082 _aV52, M3
100 _aYavetz Zwi
_9617925
245 0 _aJulius caesar and his public image
260 _aNew York
_bThames and Hudson USA
_c1983
300 _a286p.
_ccm.
650 _aHISTORY
942 _hV52, M3
_cTEXL
_2cc
999 _c999574
_d999574